Southville International School and Colleges
Your cart is empty.
  • Cart
  • Lists
    Public lists Eva Luna New books Lux_list list_1
    Your lists Log in to create your own lists
  • Log in to your account
  • Your cookies
  • Search history
Southville International School and Colleges
  • Advanced search
  • Recent comments
  • Most popular
  • Libraries

Log in to your account

Log in with GOOGLE


If you do not have an external account, but do have a local account, you can still log in:

  1. Home
  2. MARC view: Thirteen days :
Normal view MARC view ISBD view

Thirteen days : (Record no. 288439)

[ view plain ]
MARC details
000 -LEADER
fixed length control field 00764nam a22002050 4500
003 - CONTROL NUMBER IDENTIFIER
control field PILC
005 - DATE AND TIME OF LATEST TRANSACTION
control field 20150824093812.0
008 - FIXED-LENGTH DATA ELEMENTS--GENERAL INFORMATION
fixed length control field /0/1
035 ## - SYSTEM CONTROL NUMBER
System control number 69015
035 ## - SYSTEM CONTROL NUMBER
System control number 69-15949 //r86
050 00 - LIBRARY OF CONGRESS CALL NUMBER
Classification number E 183.8.R9
Item number .K4 1969
100 1# - MAIN ENTRY--PERSONAL NAME
Personal name Kennedy, Robert Francis,
Dates associated with a name 1925-1968.
245 10 - TITLE STATEMENT
Title Thirteen days :
Remainder of title a memoir of the Cuban missile crisis /
Statement of responsibility, etc by Robert F. Kennedy ; with introductions by Robert S. McNamara and Harold Macmillan.
260 ## - PUBLICATION, DISTRIBUTION, ETC. (IMPRINT)
Place of publication, distribution, etc New York :
Name of publisher, distributor, etc W. W. Norton,
Date of publication, distribution, etc 1969.
300 ## - PHYSICAL DESCRIPTION
Extent 224 pages :
Other physical details illustratrions ;
Dimensions 24 cm.
650 #0 - SUBJECT ADDED ENTRY--TOPICAL TERM
Topical term or geographic name as entry element United States
General subdivision Foreign relations
-- Soviet Union.
650 #0 - SUBJECT ADDED ENTRY--TOPICAL TERM
Topical term or geographic name as entry element Soviet Union
General subdivision Foreign relations
-- United States.
650 #0 - SUBJECT ADDED ENTRY--TOPICAL TERM
Topical term or geographic name as entry element Military bases, Soviet
General subdivision Cuba.
942 ## - ADDED ENTRY ELEMENTS (KOHA)
Source of classification or shelving scheme Library of Congress Classification
Koha item type Books
Call number prefix Foreign
Holdings
Withdrawn status Lost status Source of classification or shelving scheme Damaged status Home library Current library Shelving location Date acquired Source of acquisition Total Checkouts Full call number Barcode Date last seen Price effective from Koha item type
    Library of Congress Classification   Archives Archives   08/24/2015 Donation   E 183.8.R9 .K4 1969 C19732 05/15/2018 08/24/2015 Books

Thirteen days :

APA

Kennedy R. F., . (1969). Thirteen days. New York: W. W. Norton.

Chicago

Kennedy Robert Francis, . 1969. Thirteen days. New York: W. W. Norton.

Harvard

Kennedy R. F., . (1969). Thirteen days. New York: W. W. Norton.

MLA

Kennedy Robert Francis, . Thirteen days. New York: W. W. Norton. 1969.

  • Place hold
  • Print
  • Cite
  • Add to your cart (remove)
  • Save record
    BIBTEX Dublin Core MARCXML MARC (non-Unicode/MARC-8) MARC (Unicode/UTF-8) MARC (Unicode/UTF-8, Standard) MODS (XML) RIS
  • More searches
    Search for this title in:
    Other Libraries (WorldCat) Other Databases (Google Scholar) Online Stores (Bookfinder.com) Open Library (openlibrary.org)

Exporting to Dublin Core...

SOUTHVILLE LIBRARY

Southville International School and Colleges Library

1281 Tropical Ave. Cor. Luxembourg St., BF Homes International, Las Pinas City

Tel. No. 8256374 / 252358 Loc. 117/146

Powered by Koha